• 首页
  • 本馆介绍
  • 公告通知
  • 最新文献
  • 馆藏检索
  • 电子资源
  • 读者导购
  • 参考咨询
  • 我的图书馆
  • 登录
  • 详细信息显示
  • 放入我的书架
  • 预约/预借图书
  • 作者相关作品
  • 分类相关作品
  • 丛书相关作品
  • 出版社相关作品

书目信息

  • 表格格式
  • 工作单格式
  • 卡片格式
题名:
职能治疗实务
    
 
作者: Sames 著 ;李杭茜 , 陈芝萍 , 陈威胜 译
分册:  
出版信息: 台北   心理出版社股份有限公司  2008
页数: 22,421页
开本: 23cm
丛书名: 职能治疗
单 册:
中图分类: R197.323
科图分类:
主题词: 病案--书写规则 , 病案 , 书写规则
电子资源:
ISBN: 978-986-191-150-2
000 01073oam2 2200325 450
001 1534566471
005 20150202165818.67
010    @a978-986-191-150-2@dTWD480.00
100    @a20110803d2008 em y0chiy50 ea
101 1  @achi@ceng
102    @aCN@b710000
105    @ay z 001yy
200 1  @a职能治疗实务@9zhi neng zhi liao shi wu@e临床病历撰写@dDocumenting occupational therapy practice@fKaren M. Sames著@g李杭茜, 陈芝萍, 陈威胜译@zeng
210    @a台北@c心理出版社股份有限公司@d2008
215    @a22,421页@d23cm
225 1  @a职能治疗@v3
305    @a由Pearson education, Inc授权出版
461  0 @12001 @a职能治疗
510 1  @aDocumenting occupational therapy practice@zeng
517 1  @a临床病历撰写@9lin chuang bing li zhuan xie
606 0  @a病案@x书写规则
606 0  @a病案
606 0  @a书写规则
690    @aR197.323@v5
701  1 @aSames@bKaren M.@4著
702  0 @a李杭茜@9li hang qian@4译
702  0 @a陈芝萍@9chen zhi ping@4译
702  0 @a陈威胜@9chen wei sheng@4译
801  0 @aCN@bTSSF@c20150202
905    @aZUCC@dR197.323@eJY1
    
    职能治疗实务:临床病历撰写=Documenting occupational therapy practice/Karen M. Sames著/李杭茜, 陈芝萍, 陈威胜译.-台北:心理出版社股份有限公司,2008
    22,421页;23cm.-(职能治疗;3)
    
    
    ISBN 978-986-191-150-2:TWD480.00
    
●
相关链接 在E读中查询图书 在五车中查询图书 在当当中查询图书 在豆瓣中查询图书


正题名:职能治疗实务     索取号:R197.323/JY1         预约/预借

序号 登录号 条形码 馆藏地/架位号 状态 备注
1 7864291   278642916   学院路分馆/ [索取号:R197.323/JY1] 在馆    
2 7865221   278652218   学院路分馆/ [索取号:R197.323/JY1] 在馆    
唐山师范学院图书馆 欢迎您!
大连网信软件有限公司© 版权所有